| 000 | 00653nam a2200229Ia 4500 | ||
|---|---|---|---|
| 003 | OSt | ||
| 005 | 20220927104441.0 | ||
| 006 | a|||||r|||| 00| 0 | ||
| 007 | ta | ||
| 008 | 220926b |||||||| |||| 00| 0 eng d | ||
| 024 | _a147177 | ||
| 037 | _cReference Collections | ||
| 040 |
_aRTL _cRTL _beng |
||
| 041 |
_2eng _aeng |
||
| 082 | _a"X9(F58):531.2.N7, L2" | ||
| 110 | _a"India, Tariff (Commission-)" | ||
| 245 | 0 | _aContinuance of protection to dyes industry | |
| 260 | _c1972 | ||
| 700 | _a"India, Tariff (Commission-)" | ||
| 942 |
_h"X9(F58):531.2.N7, L2" _cCC |
||
| 999 |
_c687504 _d687504 |
||